Problemas de matemáticas elementales /

Guardado en:
Autor Principal: Lidskii, V. B.
Formato: Libro
Idioma:Spanish
Russian
Publicado: Moscú : Mir, [1972?]
Etiquetas: Agregar Etiqueta
Sin Etiquetas, Sea el primero en etiquetar este registro!
LEADER 01043nam a22001575a 4500
001 MAT.inmabb006678
008 120824s1972####ru#a##########000#0#spa#d
005 20170504131313.0
245 1 0 |a Problemas de matemáticas elementales /  |c V. B. Lidski ... [et al. ; traducido del ruso por Luis Rodríguez]. 
260 |a Moscú :  |b Mir,  |c [1972?] 
300 |a 384 p. :  |b il. ;  |c 22 cm. 
500 |a "Este libro tiene por objeto ayudar a aquellos que desean profundizar sus conocimientos de matemáticas elementales. En este libro han sido reunidos problemas presentados en los exámenes de admisión a los aspirantes a ingresar en el Instituto Físico-técnico de Moscú. La resolución de los problemas expuestos en este libro requiere conocimientos a nivel de la escuela secundaria ... No obstante, es preciso señalar que la mayoría de los problemas presentados son problemas de elevada dificultad."--Prefacio. 
100 1 |a Lidskii, V. B.  |q (Viktor Borisovich) 
084 |a 00A05 (00A07)  |2 msc2000 
041 1 |a spa  |h rus 
859 |h 00A05  |i P962  |p A-5272  |b BIB. MATEMATICA